000 00528nam a2200181 a 4500
001 000027251
005 20240307073950.0
008 110330s1967 dr 000 0 spa d
040 _aDO-SdBNP
_bspa
_cBNPHU
082 _axxxx
_bR426p
110 1 _aRepública Dominicana.
_b Junta Central Electoral
_964605
245 1 0 _aProyecciones 7.
260 _aSanto Domingo :
_bJunta Central Electoral,
_c1967.
300 _a187 p. ;
_c17 cm.
500 _aIncluye proyecciones 7-10
504 _aBibliografía : p. 183
049 _aBNPD
999 _c26743
_d26743